|
|
|
|
| LEADER |
00900cam a2200241 7i4500 |
| 001 |
0000001373 |
| 005 |
20191017090000.0 |
| 008 |
100104 bm |
| 020 |
|
|
|a 9789835201097
|
| 020 |
|
|
|a 9835201099 (pbk.)
|
| 090 |
0 |
0 |
|a QD411
|b .R87 1998
|
| 100 |
0 |
|
|a Rusmidah Ali
|
| 245 |
1 |
0 |
|a Kimia organologam
|c Rusmidah Ali, Wan Azelee Wan Abu Bakar.
|
| 260 |
|
|
|a Johor:
|b Universiti Teknologi Malaysia,
|c 1998.
|
| 300 |
|
|
|a viii, 123 p.;
|c 23 cm.
|
| 650 |
0 |
0 |
|a Organometallic compounds
|
| 650 |
0 |
0 |
|a Organometallic chemistry
|
| 700 |
0 |
|
|a Wan Azelee Wan Abu Bakar
|
| 997 |
|
|
|a Engineering & Life Sciences, Faculty
|b Engineering, Department
|
| 998 |
|
|
|a Mechanical Engineering, Diploma
|
| 999 |
|
|
|a 0000000780
|b BOK
|c OPEN SHELF
|e 2nd Floor, Bestari Jaya
|
| 999 |
|
|
|a 0000000781
|b BOK
|c OPEN SHELF
|e 2nd Floor, Bestari Jaya
|
| 999 |
|
|
|a 0000001288
|b BOK
|c OPEN SHELF
|e 2nd Floor, Bestari Jaya
|